[Event "NAYCC U16"]
[Site "Kingston CAN"]
[Date "2025.08.20"]
[Round "5.9"]
[White "Dukkardt, Vladimir"]
[Black "Venkatesh, Narayan"]
[Result "0-1"]
[WhiteElo "1774"]
[BlackElo "2218"]
[WhiteFideId "-1"]
[WhiteFideId "-1"]
[PlyCount "48"]
[GameId "2217419106891720"]
[EventDate "2025.08.18"]
[EventType "swiss"]
[EventRounds "9"]
[EventCountry "CAN"]

1. e4 e5 2. Nf3 Nc6 3. Bb5 a6 4. Ba4 d6 5. c3 Bd7 6. d4 g6 7. Nbd2 Bg7 8. d5 Nce7 9. Bxd7+ Qxd7 10. Qc2 h6 11. c4 f5 12. b4 Nf6 13. Bb2 O-O 14. O-O-O a5 15. b5 c6 16. dxc6 bxc6 17. exf5 Nxf5 18. Ne4 cxb5 19. Nxe5 Qe6 20. g4 Nxe4 21. gxf5 Qxf5 22. Nxg6 Bxb2+ 23. Kxb2 Qf6+ 24. Rd4 Qxd4+ 0-1

[Event "NAYCC U16"]
[Site "Kingston CAN"]
[Date "2025.08.20"]
[Round "5.10"]
[White "Yang, Larry"]
[Black "Mummidi, Aaryan"]
[Result "1-0"]
[WhiteElo "2108"]
[BlackElo "1884"]
[WhiteFideId "-1"]
[WhiteFideId "-1"]
[PlyCount "69"]
[GameId "2217419106617259"]
[EventDate "2025.08.18"]
[EventType "swiss"]
[EventRounds "9"]
[EventCountry "CAN"]

1. e4 c5 2. Nf3 d6 3. Bb5+ Nd7 4. O-O a6 5. Be2 Ngf6 6. d3 e6 7. a4 b6 8. Nfd2 Be7 9. f4 Bb7 10. Nc3 Qc7 11. Bf3 Rd8 12. Qe1 Nb8 13. e5 dxe5 14. Bxb7 Qxb7 15. fxe5 Nd5 16. Qg3 g6 17. Nde4 Nc6 18. Bg5 Bxg5 19. Qxg5 h6 20. Qg3 O-O 21. Nd6 Qe7 22. Nce4 Nd4 23. Rf2 Kh7 24. Raf1 Nf5 25. Qh3 h5 26. g4 Nh6 27. gxh5 g5 28. Nxf7 g4 29. Qg3 Nf5 30. Rxf5 exf5 31. Rxf5 Rd7 32. Qxg4 Rg8 33. Neg5+ Kg7 34. h6+ Kf8 35. Nh7+ 1-0

[Event "NAYCC U16"]
[Site "Kingston CAN"]
[Date "2025.08.20"]
[Round "5.11"]
[White "Xu, Leon"]
[Black "Li, Edward"]
[Result "1/2-1/2"]
[WhiteElo "2045"]
[BlackElo "1844"]
[WhiteFideId "-1"]
[WhiteFideId "-1"]
[PlyCount "114"]
[GameId "2217419106682796"]
[EventDate "2025.08.18"]
[EventType "swiss"]
[EventRounds "9"]
[EventCountry "CAN"]

1. e4 e5 2. Nf3 Nc6 3. Bc4 Bc5 4. c3 Nf6 5. d4 exd4 6. e5 d5 7. Be2 Ne4 8. cxd4 Bb6 9. O-O O-O 10. Nc3 Bg4 11. Be3 f6 12. exf6 Nxf6 13. Qb3 Bxf3 14. Bxf3 Nxd4 15. Bxd4 Bxd4 16. Nxd5 Nxd5 17. Bxd5+ Kh8 18. Bf3 Rb8 19. Rad1 c5 20. Qa3 Qb6 21. b3 Rbd8 22. Qc1 Rf7 23. Qc4 Qf6 24. Rde1 Re7 25. h3 b6 26. a4 g6 27. Qc1 Rde8 28. Rxe7 Rxe7 29. Kh1 Re5 30. Qc2 Qe7 31. Qd2 Qg5 32. Qd3 Qe7 33. Qd2 Qg5 34. Qxg5 Rxg5 35. Be4 Re5 36. f3 a5 37. Kh2 Kg7 38. g4 g5 39. Kg3 Re6 40. Rh1 Be5+ 41. Kf2 Bf4 42. Rd1 Rd6 43. Rxd6 Bxd6 44. Ke3 h6 45. Kd3 Kf6 46. Kc4 Bf4 47. Kb5 Bd2 48. Kxb6 Bb4 49. Kc6 Ke5 50. Kd7 Kf4 51. Ke6 Kg3 52. Kf5 Kxh3 53. f4 Bd2 54. fxg5 hxg5 55. Bc2 Kh4 56. Bd1 Bb4 57. Ke4 Kg3 1/2-1/2

[Event "NAYCC U16"]
[Site "Kingston CAN"]
[Date "2025.08.20"]
[Round "5.12"]
[White "Kilari, Dattasai"]
[Black "Guliyev, Nadir"]
[Result "1-0"]
[WhiteElo "1949"]
[BlackElo "1693"]
[WhiteFideId "-1"]
[WhiteFideId "-1"]
[PlyCount "75"]
[GameId "2217419106703277"]
[EventDate "2025.08.18"]
[EventType "swiss"]
[EventRounds "9"]
[EventCountry "CAN"]

1. d4 Nf6 2. Nf3 e6 3. Bf4 d5 4. e3 c5 5. c3 Be7 6. Nbd2 O-O 7. Be2 Qb6 8. Rb1 Nc6 9. O-O h6 10. Ne5 Bd7 11. Bg3 Nxe5 12. Bxe5 Bb5 13. Bxb5 Qxb5 14. Qc2 Nd7 15. Bg3 Rac8 16. f4 Bf6 17. Nf3 Rfe8 18. Ne5 Nb6 19. Qf2 Bxe5 20. fxe5 Rf8 21. Bh4 Rc7 22. Rbd1 a5 23. Qg3 Kh7 24. Rd2 g5 25. Bxg5 Rg8 26. h4 hxg5 27. hxg5 Rg6 28. Qh4+ Kg7 29. Rf6 Qe8 30. Rdf2 Re7 31. R2f3 Nc4 32. Rxg6+ fxg6 33. Qh6+ Kg8 34. Rh3 Rg7 35. Qh8+ Kf7 36. Rf3+ Ke7 37. Qxg7+ Kd8 38. Rf8 1-0

[Event "NAYCC U16"]
[Site "Kingston CAN"]
[Date "2025.08.20"]
[Round "5.13"]
[White "Wang, Andy"]
[Black "Wu, Nolan"]
[Result "1/2-1/2"]
[WhiteElo "1792"]
[BlackElo "1926"]
[WhiteFideId "-1"]
[WhiteFideId "-1"]
[PlyCount "63"]
[GameId "2217419106719662"]
[EventDate "2025.08.18"]
[EventType "swiss"]
[EventRounds "9"]
[EventCountry "CAN"]

1. e4 e5 2. Nf3 Nc6 3. Bb5 a6 4. Ba4 Nf6 5. d3 d6 6. O-O Bd7 7. c3 g6 8. Nbd2 Bg7 9. Re1 O-O 10. Nf1 h6 11. Ng3 Nh7 12. d4 b5 13. Bb3 Na5 14. Bc2 c5 15. dxc5 dxc5 16. Qd5 Qc7 17. Be3 Nb7 18. Qd2 h5 19. Bh6 Rad8 20. Qe3 f6 21. Nh4 Be8 22. Bxg7 Qxg7 23. a4 Ng5 24. axb5 Bxb5 25. b3 c4 26. b4 Ne6 27. Ne2 Nd6 28. Red1 Nc8 29. Qh3 Kf7 30. Qe3 Kg8 31. Qh3 Kf7 32. Qe3 1/2-1/2

[Event "NAYCC U16"]
[Site "Kingston CAN"]
[Date "2025.08.20"]
[Round "5.14"]
[White "Zhang, Daniel"]
[Black "McCallum, Elliot"]
[Result "1-0"]
[WhiteElo "1922"]
[BlackElo "1882"]
[WhiteFideId "-1"]
[WhiteFideId "-1"]
[PlyCount "117"]
[GameId "2217419106727855"]
[EventDate "2025.08.18"]
[EventType "swiss"]
[EventRounds "9"]
[EventCountry "CAN"]

1. c4 c6 2. Nc3 d5 3. e3 Nf6 4. Nf3 e6 5. b3 Nbd7 6. Bb2 Bd6 7. d4 O-O 8. Bd3 Re8 9. O-O h6 10. Qc2 dxc4 11. Bxc4 e5 12. Rfd1 e4 13. Ne5 Bxe5 14. dxe5 Rxe5 15. Ne2 Re8 16. Ng3 Qa5 17. Rd4 Nf8 18. Nxe4 Nxe4 19. Rxe4 Bf5 20. Bxf7+ Kxf7 21. Rf4 g6 22. b4 Qxb4 23. Qxf5+ gxf5 24. Rxb4 b6 25. Rd1 Rad8 26. Rbd4 Rxd4 27. Rxd4 Re4 28. Rxe4 fxe4 29. f3 Ne6 30. Kf2 exf3 31. gxf3 Nc5 32. Ke2 Na4 33. Bh8 b5 34. e4 c5 35. Kd2 c4 36. Bd4 a6 37. f4 Ke6 38. f5+ Kd6 39. e5+ Kd5 40. e6 Kd6 41. Ke3 b4 42. Bg7 b3 43. axb3 cxb3 44. Kd2 Ke7 45. Bxh6 Nc5 46. Kc3 a5 47. Be3 Ne4+ 48. Kxb3 Kf6 49. Ka4 Nc3+ 50. Kxa5 Nd5 51. Bc5 Kxf5 52. e7 Nf6 53. Kb6 Ke6 54. Kc7 Kf7 55. Kd8 Ne8 56. Bd4 Nd6 57. Be5 Ne8 58. h3 Ng7 59. Bxg7 1-0

[Event "NAYCC U16"]
[Site "Kingston CAN"]
[Date "2025.08.20"]
[Round "5.15"]
[White "Huang, Eric"]
[Black "Kurup, Siddharth"]
[Result "0-1"]
[WhiteElo "1773"]
[BlackElo "2022"]
[WhiteFideId "-1"]
[WhiteFideId "-1"]
[PlyCount "90"]
[GameId "2217419106736048"]
[EventDate "2025.08.18"]
[EventType "swiss"]
[EventRounds "9"]
[EventCountry "CAN"]

1. d4 d5 2. c4 e6 3. Nc3 a6 4. cxd5 exd5 5. Nf3 Nf6 6. Bg5 Be6 7. e3 Nbd7 8. Bd3 Bd6 9. O-O c6 10. Qc2 Qc7 11. Rac1 O-O 12. e4 dxe4 13. Nxe4 Nxe4 14. Bxe4 f5 15. Bd3 h6 16. Bc4 Bxc4 17. Qxc4+ Kh7 18. d5 Nb6 19. Qh4 Nxd5 20. Rfd1 Qd7 21. Rd3 Rae8 22. Nd4 Re4 23. Qh5 Bf4 24. Nf3 Bxc1 25. Bxc1 Qe8 26. Ng5+ Kg8 27. Qxe8 Rexe8 28. Nf3 Re2 29. Kf1 Rfe8 30. Bd2 Nf6 31. h3 R2e7 32. g3 Rd7 33. Rb3 Ne4 34. Be3 c5 35. Kg2 b5 36. a4 b4 37. Ne1 Rd1 38. Kf1 Nd2+ 39. Bxd2 Rxd2 40. Nf3 Rd1+ 41. Kg2 a5 42. g4 fxg4 43. hxg4 c4 44. Re3 Rxe3 45. fxe3 c3 0-1

[Event "NAYCC U16"]
[Site "Kingston CAN"]
[Date "2025.08.20"]
[Round "5.16"]
[White "Cholakis, Max"]
[Black "Qian, Eric"]
[Result "0-1"]
[WhiteElo "1756"]
[BlackElo "1967"]
[WhiteFideId "-1"]
[WhiteFideId "-1"]
[PlyCount "128"]
[GameId "2217419106744241"]
[EventDate "2025.08.18"]
[EventType "swiss"]
[EventRounds "9"]
[EventCountry "CAN"]

1. e4 e5 2. Nf3 Nc6 3. d4 exd4 4. Bc4 Nf6 5. e5 d5 6. Bb5 Ne4 7. Nxd4 Bc5 8. Be3 O-O 9. O-O Nxe5 10. Nd2 Nxd2 11. Qxd2 Bd6 12. Bg5 f6 13. Bh4 c6 14. Be2 Qc7 15. Bg3 Bd7 16. c3 Rae8 17. Rae1 Kh8 18. b3 Ng6 19. Bd3 Bxg3 20. hxg3 Rxe1 21. Rxe1 Re8 22. Rxe8+ Bxe8 23. Qe2 Bf7 24. Qh5 Qe7 25. Ne2 h6 26. Qf5 Nf8 27. Qc8 g6 28. Nf4 Kg7 29. Kh2 Ne6 30. Bxg6 Nxf4 31. Bxf7 Kxf7 32. gxf4 c5 33. Qf5 Qd6 34. Qh7+ Ke8 35. g3 d4 36. cxd4 cxd4 37. Qd3 Qc5 38. Qg6+ Kd7 39. Qf7+ Kc8 40. Kg2 Qc6+ 41. Kg1 Qc1+ 42. Kg2 Qc6+ 43. Kg1 a6 44. Qc4 Qxc4 45. bxc4 Kc7 46. Kf1 Kc6 47. Ke2 Kc5 48. Kd3 f5 49. g4 fxg4 50. f5 h5 51. Ke4 Kd6 52. Kxd4 h4 53. c5+ Ke7 54. Ke5 h3 55. f6+ Kf7 56. c6 bxc6 57. f4 h2 58. Kf5 g3 59. a4 h1=Q 60. a5 g2 61. Ke5 g1=Q 62. f5 Qd5+ 63. Kf4 Qf2+ 64. Kg4 Qdxf5# 0-1

[Event "NAYCC U16"]
[Site "Kingston CAN"]
[Date "2025.08.20"]
[Round "5.17"]
[White "Chen, Larry"]
[Black "Muthukumaran, Gurru"]
[Result "0-1"]
[WhiteElo "1747"]
[BlackElo "1939"]
[WhiteFideId "-1"]
[WhiteFideId "-1"]
[PlyCount "90"]
[GameId "2217419106756530"]
[EventDate "2025.08.18"]
[EventType "swiss"]
[EventRounds "9"]
[EventCountry "CAN"]

1. d4 Nf6 2. c4 g6 3. f3 d5 4. cxd5 Nxd5 5. e4 Nb6 6. Nc3 Bg7 7. Be3 O-O 8. Qd2 e5 9. d5 c6 10. h4 cxd5 11. exd5 N8d7 12. h5 Nf6 13. O-O-O Bd7 14. Bh6 Rc8 15. Kb1 Bxh6 16. Qxh6 Nbxd5 17. Nxd5 Bf5+ 18. Ka1 Nxd5 19. hxg6 Bxg6 20. a3 Qa5 21. Bd3 Rc3 22. Qd2 Rxd3 23. Qxa5 Rxd1+ 24. Ka2 Bb1+ 25. Ka1 Ne3 26. b3 Bf5+ 27. Ka2 Rc8 28. a4 Nd5 29. Ne2 Rxh1 30. Qxd5 Rc2+ 31. Ka3 Rxe2 32. Qd8+ Kg7 33. g4 Bg6 34. g5 h6 35. gxh6+ Rxh6 36. Qe7 a5 37. Qc5 Rh4 38. Qb5 Re3 39. Qxa5 Rh3 40. Kb4 Rhxf3 41. Kc4 Rc3+ 42. Kd5 Rfd3+ 43. Kxe5 f6+ 44. Ke6 Bf7+ 45. Ke7 Rc6 0-1

[Event "NAYCC U16"]
[Site "Kingston CAN"]
[Date "2025.08.20"]
[Round "5.18"]
[White "Hong, Zihan"]
[Black "Stelmach, Noah"]
[Result "1-0"]
[WhiteElo "1881"]
[BlackElo "1729"]
[WhiteFideId "-1"]
[WhiteFideId "-1"]
[PlyCount "66"]
[GameId "2217419106768819"]
[EventDate "2025.08.18"]
[EventType "swiss"]
[EventRounds "9"]
[EventCountry "CAN"]

1. d4 Nf6 2. Bf4 d5 3. e3 e6 4. Nd2 c5 5. c3 Nc6 6. Ngf3 Bd6 7. Bg3 O-O 8. Bd3 Qe7 9. Ne5 Nd7 10. Nxd7 Bxd7 11. Bxd6 Qxd6 12. dxc5 Qxc5 13. Bxh7+ Kxh7 14. Qh5+ Kg8 15. Ne4 Qc4 16. Ng5 Rfd8 17. Qxf7+ Kh8 18. Qh5+ Kg8 19. Rd1 Ne5 20. Rd4 Qxa2 21. Qh7+ Kf8 22. Qh8+ Ke7 23. Qxg7+ Kd6 24. Ne4+ Kc6 25. Qxe5 Qb1+ 26. Ke2 Qxb2+ 27. Nd2 b6 28. c4 Kb7 29. Rb1 Qc2 30. cxd5 exd5 31. Qxd5+ Qc6 32. Qf7 Rac8 33. Nc4 Rc7 1-0

[Event "NAYCC U16"]
[Site "Kingston CAN"]
[Date "2025.08.20"]
[Round "5.21"]
[White "Yancey, Alice"]
[Black "Song, Jiacai"]
[Result "0-1"]
[WhiteElo "1710"]
[BlackElo "1702"]
[WhiteFideId "-1"]
[WhiteFideId "-1"]
[PlyCount "64"]
[GameId "2217419106789303"]
[EventDate "2025.08.18"]
[EventType "swiss"]
[EventRounds "9"]
[EventCountry "CAN"]

1. e4 e6 2. d4 d5 3. Nd2 dxe4 4. Nxe4 Nd7 5. Nf3 Ngf6 6. Nxf6+ Nxf6 7. Bd3 Be7 8. c3 O-O 9. Qc2 c5 10. Be3 cxd4 11. Bxd4 h6 12. O-O-O Qa5 13. Kb1 Nd7 14. h4 Bf6 15. g4 Bxd4 16. cxd4 b5 17. g5 h5 18. Qe2 Bb7 19. Rh3 Bd5 20. b3 a6 21. g6 f5 22. Ng5 Nf6 23. Rg1 Rac8 24. Nh7 Ne4 25. Qxh5 Nd2+ 26. Kb2 Qc3+ 27. Ka3 b4+ 28. Ka4 Qc6+ 29. Kxb4 Qd6+ 30. Ka5 Qa3+ 31. Kb6 Qb4+ 32. Kxa6 Ra8# 0-1

[Event "NAYCC U16"]
[Site "Kingston CAN"]
[Date "2025.08.20"]
[Round "5.22"]
[White "Kunapuli, Siddarth"]
[Black "Satish Alwar, Dharsan"]
[Result "1-0"]
[WhiteElo "1889"]
[BlackElo "1703"]
[WhiteFideId "-1"]
[WhiteFideId "-1"]
[PlyCount "139"]
[GameId "2217419106793400"]
[EventDate "2025.08.18"]
[EventType "swiss"]
[EventRounds "9"]
[EventCountry "CAN"]

1. e4 e6 2. d4 d5 3. Nd2 dxe4 4. Nxe4 Nd7 5. Nf3 Ngf6 6. Nxf6+ Nxf6 7. Bd3 Be7 8. O-O O-O 9. c3 c5 10. Bf4 cxd4 11. Nxd4 a6 12. Re1 Bc5 13. Nb3 Be7 14. a4 Bd7 15. a5 Bc6 16. Nd4 Qd5 17. Nxc6 Qxc6 18. Ra4 Rfd8 19. Rc4 Qxc4 20. Bxc4 Rxd1 21. Rxd1 Rc8 22. Be2 g5 23. Bxg5 Rc5 24. h4 Rxa5 25. Rd3 Kf8 26. Bf3 Rb5 27. b4 Ke8 28. g3 Nd7 29. Bf4 Bf6 30. Be4 Be5 31. Bd2 Nf6 32. Bf3 Rb6 33. c4 Rd6 34. Rxd6 Bxd6 35. Bxb7 Bc7 36. Bxa6 Ne4 37. Be1 Kd7 38. c5 Kc6 39. Bd3 Nf6 40. f4 h6 41. Kg2 Kd5 42. Bf2 Nd7 43. Kf3 e5 44. Be3 Nf6 45. fxe5 Bxe5 46. Bxh6 Nd7 47. Be3 Bc3 48. b5 Nxc5 49. Bxc5 Kxc5 50. g4 Bd2 51. Ke4 Bc3 52. Kf5 Bd4 53. g5 Bc3 54. h5 Bd4 55. g6 fxg6+ 56. Kxg6 Kd6 57. h6 Ke6 58. h7 Ke7 59. b6 Kd6 60. b7 Kc7 61. Be4 Kb8 62. Kf7 Ka7 63. Kg8 Kb8 64. h8=Q Bxh8 65. Kxh8 Ka7 66. Kg7 Kb8 67. Kf6 Kc7 68. Ke5 Kb8 69. Kd6 Ka7 70. Kc7 1-0

[Event "NAYCC U16"]
[Site "Kingston CAN"]
[Date "2025.08.20"]
[Round "5.23"]
[White "Tan, Rex"]
[Black "Grosman, Ari"]
[Result "1/2-1/2"]
[WhiteElo "1702"]
[BlackElo "1747"]
[WhiteFideId "-1"]
[WhiteFideId "-1"]
[PlyCount "97"]
[GameId "2217419106797497"]
[EventDate "2025.08.18"]
[EventType "swiss"]
[EventRounds "9"]
[EventCountry "CAN"]

1. d4 Nf6 2. c4 e6 3. Nc3 d5 4. Nf3 Be7 5. Bf4 O-O 6. e3 Nbd7 7. c5 Nh5 8. Bg3 c6 9. Bd3 f5 10. Qd2 b6 11. cxb6 axb6 12. Ne2 Ba6 13. O-O Nxg3 14. hxg3 Bxd3 15. Qxd3 Bd6 16. Nf4 Qe8 17. Qc2 Rc8 18. Nd3 Rf6 19. Qe2 Qh5 20. Rfe1 Rh6 21. Nh4 Qe8 22. Nf3 Nf6 23. Nfe5 c5 24. Nf4 g5 25. Nh3 g4 26. Nf4 Bxe5 27. dxe5 Nd7 28. Qb5 Nxe5 29. Qxb6 Nc4 30. Qa7 Nxb2 31. Rab1 e5 32. Qb7 exf4 33. Qxd5+ Qe6 34. Qxe6+ Rxe6 35. Rxb2 fxe3 36. fxe3 Kf7 37. Rc2 c4 38. Rc3 Re4 39. Rec1 Ke6 40. Kf2 Kd5 41. Rd1+ Ke6 42. Rdc1 Ra8 43. a3 Rc8 44. Rh1 Rc7 45. Rb1 Re5 46. Rb4 Rec5 47. Ke2 Kd5 48. Rb1 Kc6 49. Rb4 1/2-1/2

[Event "NAYCC U16"]
[Site "Kingston CAN"]
[Date "2025.08.20"]
[Round "5.24"]
[White "Harit, Neil"]
[Black "Fillmore, Louis"]
[Result "0-1"]
[WhiteElo "1620"]
[BlackElo "1708"]
[WhiteFideId "-1"]
[WhiteFideId "-1"]
[PlyCount "52"]
[GameId "2217419106805690"]
[EventDate "2025.08.18"]
[EventType "swiss"]
[EventRounds "9"]
[EventCountry "CAN"]

1. e4 e5 2. Nf3 Nc6 3. Bb5 a6 4. Ba4 d6 5. c3 f5 6. d3 Nf6 7. O-O Be7 8. Bb3 fxe4 9. Ng5 Rf8 10. Nxe4 Bf5 11. Ng3 Bg6 12. Re1 Qd7 13. Be3 O-O-O 14. Bc2 d5 15. d4 Bxc2 16. Qxc2 e4 17. b4 h5 18. Nf1 Bd6 19. a4 Ne7 20. Nbd2 Nf5 21. Reb1 Ng4 22. b5 Nfxe3 23. fxe3 a5 24. c4 Qf5 25. c5 Bxh2+ 26. Kh1 Qf2 0-1

[Event "NAYCC U16"]
[Site "Kingston CAN"]
[Date "2025.08.21"]
[Round "6.1"]
[White "Wu, Jonathan"]
[Black "Lu, Tony"]
[Result "1-0"]
[WhiteElo "2130"]
[BlackElo "1974"]
[WhiteFideId "-1"]
[WhiteFideId "-1"]
[PlyCount "89"]
[GameId "2218014716903734"]
[EventDate "2025.08.18"]
[EventType "swiss"]
[EventRounds "9"]
[EventCountry "CAN"]

1. e4 e6 2. d4 d5 3. Nc3 Be7 4. Be3 a6 5. a3 dxe4 6. Nxe4 Nf6 7. Bd3 Nbd7 8. Nf3 Nxe4 9. Bxe4 c5 10. dxc5 Nxc5 11. Qxd8+ Kxd8 12. O-O-O+ Ke8 13. Bxc5 Bxc5 14. Rd2 Rb8 15. Ne5 Bb6 16. Rhd1 Bc7 17. g3 Ke7 18. Nd7 Ra8 19. Nc5 Bb6 20. Nxb7 Ra7 21. Nd6 f5 22. Bg2 e5 23. Re2 Be6 24. Rxe5 Rd8 25. Nc4 Rxd1+ 26. Kxd1 Rd7+ 27. Kc1 Bxf2 28. Re2 Bg1 29. Ne5 Rc7 30. Nf3 Bxh2 31. Nxh2 Kf6 32. Nf3 h5 33. Nd4 Bd7 34. Kd2 g5 35. Bd5 Rc5 36. c4 f4 37. gxf4 gxf4 38. Re4 Kg5 39. Re5+ Kh4 40. Nf3+ Kg3 41. Rxh5 Rc8 42. Rg5+ Kf2 43. Ne1 Bh3 44. Nd3+ Kf1 45. Nxf4 1-0

[Event "NAYCC U16"]
[Site "Kingston CAN"]
[Date "2025.08.21"]
[Round "6.2"]
[White "Liu, Ethan"]
[Black "Colville, Julian"]
[Result "0-1"]
[WhiteElo "2135"]
[BlackElo "2287"]
[WhiteFideId "-1"]
[WhiteFideId "-1"]
[PlyCount "76"]
[GameId "2218014717038913"]
[EventDate "2025.08.18"]
[EventType "swiss"]
[EventRounds "9"]
[EventCountry "CAN"]

1. e4 c5 2. Nf3 e6 3. d4 cxd4 4. Nxd4 Nc6 5. Nc3 Nf6 6. Ndb5 Bc5 7. Nd6+ Ke7 8. Bf4 e5 9. Nf5+ Kf8 10. Bg5 d6 11. Ne3 Be6 12. Be2 h6 13. Bxf6 Qxf6 14. O-O Qg6 15. Kh1 Nd4 16. Bh5 Qg5 17. Ncd5 g6 18. Be2 Nxe2 19. Qxe2 Kg7 20. g3 Rac8 21. f4 exf4 22. gxf4 Qh4 23. Qd3 Bxe3 24. Nxe3 Rhe8 25. Rf3 Rc5 26. Rg1 Rh5 27. Rg2 Bh3 28. Rgf2 Bd7 29. Qd4+ f6 30. Rg2 Bc6 31. Qxd6 Bxe4 32. Qd7+ Kf8 33. Qd6+ Re7 34. Qd1 Bxf3 35. Qxf3 Qe1+ 36. Nf1 Rh3 37. Qg4 Qxf1+ 38. Rg1 Qf3+ 0-1

[Event "NAYCC U16"]
[Site "Kingston CAN"]
[Date "2025.08.21"]
[Round "6.3"]
[White "Iordanescu, Victor Nicolae"]
[Black "Willy, Stephen"]
[Result "0-1"]
[WhiteElo "1901"]
[BlackElo "2242"]
[WhiteFideId "-1"]
[WhiteFideId "-1"]
[PlyCount "104"]
[GameId "2218014717083980"]
[EventDate "2025.08.18"]
[EventType "swiss"]
[EventRounds "9"]
[EventCountry "CAN"]

1. d4 d5 2. c4 c6 3. Nf3 Nf6 4. g3 dxc4 5. Bg2 g6 6. O-O Bg7 7. Nc3 O-O 8. e4 b5 9. Qe2 a5 10. Rd1 Ba6 11. e5 Nd5 12. Ne4 Bc8 13. a4 Na6 14. Bd2 Nab4 15. axb5 cxb5 16. Bxb4 Nxb4 17. Nc5 e6 18. Ng5 Nd5 19. Nge4 Bd7 20. Nxd7 Qxd7 21. Nc5 Qe7 22. Qd2 Qc7 23. h4 h6 24. h5 g5 25. f4 Qe7 26. Bxd5 exd5 27. f5 Qc7 28. Qf2 Rfe8 29. Re1 Bf8 30. e6 Bxc5 31. dxc5 d4 32. exf7+ Qxf7 33. Qxd4 Qxf5 34. Rf1 Qe5 35. Qxe5 Rxe5 36. Rf6 Rxc5 37. Rxh6 b4 38. Rg6+ Kh7 39. Rf1 Rc7 40. Rff6 Rg7 41. Ra6 Rxa6 42. Rxa6 Rd7 43. Rxa5 Rd2 44. Rc5 Rc2 45. Kf1 b3 46. g4 c3 47. Rc7+ Kg8 48. Rc8+ Kf7 49. Rc7+ Ke6 50. bxc3 b2 51. Rb7 Rc1+ 52. Ke2 b1=Q 0-1

[Event "NAYCC U16"]
[Site "Kingston CAN"]
[Date "2025.08.21"]
[Round "6.4"]
[White "Tang, Dylan"]
[Black "Darvekar, Yash"]
[Result "1/2-1/2"]
[WhiteElo "2246"]
[BlackElo "1934"]
[WhiteFideId "-1"]
[WhiteFideId "-1"]
[PlyCount "48"]
[GameId "2218014717092175"]
[EventDate "2025.08.18"]
[EventType "swiss"]
[EventRounds "9"]
[EventCountry "CAN"]

1. e4 c5 2. Nf3 d6 3. d4 cxd4 4. Nxd4 Nf6 5. Nc3 a6 6. Be2 e5 7. Nb3 Be7 8. Be3 Be6 9. Nd5 Bxd5 10. exd5 Nbd7 11. g4 h6 12. Qd3 Rc8 13. O-O-O Qc7 14. c3 Nb6 15. Bf3 Nc4 16. h4 Nxe3 17. Qxe3 Qc4 18. Qe2 Qxe2 19. Bxe2 Ne4 20. Rh2 Bd8 21. f3 Nf6 22. h5 Bb6 23. Bd3 O-O 24. Be4 Rc4 1/2-1/2

[Event "NAYCC U16"]
[Site "Kingston CAN"]
[Date "2025.08.21"]
[Round "6.5"]
[White "Venkatesh, Narayan"]
[Black "Zhang, Daniel"]
[Result "0-1"]
[WhiteElo "2218"]
[BlackElo "1922"]
[WhiteFideId "-1"]
[WhiteFideId "-1"]
[PlyCount "86"]
[GameId "2218014717092176"]
[EventDate "2025.08.18"]
[EventType "swiss"]
[EventRounds "9"]
[EventCountry "CAN"]

1. d4 g6 2. c4 Bg7 3. e4 Nc6 4. d5 Nd4 5. Nc3 c5 6. Be3 e5 7. Be2 d6 8. Nf3 Ne7 9. O-O O-O 10. Ne1 f5 11. f3 f4 12. Bf2 g5 13. Nd3 h5 14. b4 b6 15. a4 a5 16. bxc5 bxc5 17. Nb5 Ng6 18. Rb1 Rf7 19. Rb2 Nxe2+ 20. Qxe2 g4 21. Nxd6 Qxd6 22. Rfb1 gxf3 23. gxf3 Kh7 24. Nxc5 Bh3 25. Nd3 Rg8 26. Kh1 Bf6 27. Rb7 Qf8 28. Bc5 Qg7 29. Rxf7 Qxf7 30. Nf2 Bc8 31. Rg1 Nh4 32. Nd3 Bh3 33. Ne1 Rxg1+ 34. Bxg1 Qb7 35. Qc2 Qb4 36. Bf2 Qa3 37. c5 Nxf3 38. Nd3 Qa1+ 39. Nc1 Nd4 40. Qd2 Nb3 41. Qe2 Qxc1+ 42. Bg1 Bg4 43. Qd3 Nxc5 0-1

[Event "NAYCC U16"]
[Site "Kingston CAN"]
[Date "2025.08.21"]
[Round "6.6"]
[White "Jiang, Barron Jiyu"]
[Black "Yang, Larry"]
[Result "0-1"]
[WhiteElo "1883"]
[BlackElo "2108"]
[WhiteFideId "-1"]
[WhiteFideId "-1"]
[PlyCount "64"]
[GameId "2218014717104465"]
[EventDate "2025.08.18"]
[EventType "swiss"]
[EventRounds "9"]
[EventCountry "CAN"]

1. d4 Nf6 2. c4 g6 3. Nc3 d5 4. cxd5 Nxd5 5. e4 Nxc3 6. bxc3 Bg7 7. Nf3 c5 8. Be2 O-O 9. O-O b6 10. Be3 Bb7 11. Qc2 Qc7 12. d5 Nd7 13. Rad1 c4 14. Nd4 a6 15. Rb1 Nc5 16. f3 b5 17. g3 Rfe8 18. Rfd1 Rad8 19. Qb2 Ba8 20. Nxb5 axb5 21. Qxb5 Nd7 22. Qxc4 Qa5 23. Rdc1 Rb8 24. Rb5 Qa3 25. Rb3 Qd6 26. Rcb1 Rbc8 27. Qb4 Nc5 28. Ra3 Rc7 29. Ra5 Nb7 30. Qxd6 exd6 31. Ra7 Rxc3 32. Bf4 Bd4+ 0-1

[Event "NAYCC U16"]
[Site "Kingston CAN"]
[Date "2025.08.21"]
[Round "6.7"]
[White "Velasquez, Noah"]
[Black "Wang, Nathan"]
[Result "0-1"]
[WhiteElo "1774"]
[BlackElo "1994"]
[WhiteFideId "-1"]
[WhiteFideId "-1"]
[PlyCount "136"]
[GameId "2218014717104466"]
[EventDate "2025.08.18"]
[EventType "swiss"]
[EventRounds "9"]
[EventCountry "CAN"]

1. e4 c5 2. Nc3 Nc6 3. Nf3 e5 4. Bc4 Be7 5. d3 d6 6. h3 Nf6 7. O-O O-O 8. Be3 Be6 9. Ng5 Bxc4 10. dxc4 h6 11. Nf3 Nd4 12. Nd2 Nd7 13. Nd5 Bg5 14. c3 Ne6 15. Nf3 Bxe3 16. Nxe3 Nf6 17. Qc2 g6 18. Rad1 Qe7 19. g3 Kg7 20. Nh4 Kh7 21. Nd5 Nxd5 22. cxd5 Ng5 23. Kh2 Qd7 24. g4 h5 25. f3 Kg7 26. Qd2 f6 27. Kg3 Rh8 28. Rh1 b5 29. Ng2 Rh7 30. h4 Nf7 31. Ne3 Rg8 32. Rdg1 Kf8 33. Kf2 a6 34. Ke1 Ke8 35. g5 fxg5 36. hxg5 Nd8 37. Qh2 Rf7 38. Rf1 Rgf8 39. Qe2 Nb7 40. Ng2 c4 41. Nh4 Rg8 42. b4 cxb3 43. axb3 Qc7 44. Kd2 Kf8 45. Ra1 Nc5 46. Kc2 Kg7 47. Kb2 Rc8 48. Rac1 a5 49. f4 Rxf4 50. Nxg6 Rf2 51. Qxf2 Nd3+ 52. Kb1 Nxf2 53. Rh2 Ng4 54. Rxh5 Kxg6 55. Rh4 Kxg5 56. Rh3 Qf7 57. Rg3 Qf4 58. Rcg1 Qxe4+ 59. Ka2 Rf8 60. Rxg4+ Qxg4 61. Rxg4+ Kxg4 62. c4 bxc4 63. bxc4 e4 64. c5 e3 65. c6 e2 66. c7 e1=Q 67. c8=Q+ Rxc8 68. Kb3 Qb4+ 0-1

[Event "NAYCC U16"]
[Site "Kingston CAN"]
[Date "2025.08.21"]
[Round "6.8"]
[White "Manivannan, Prajit"]
[Black "Kilari, Dattasai"]
[Result "0-1"]
[WhiteElo "1809"]
[BlackElo "1949"]
[WhiteFideId "-1"]
[WhiteFideId "-1"]
[PlyCount "92"]
[GameId "2218014717112659"]
[EventDate "2025.08.18"]
[EventType "swiss"]
[EventRounds "9"]
[EventCountry "CAN"]

1. e4 c6 2. d4 d5 3. e5 c5 4. dxc5 e6 5. a3 Bxc5 6. b4 Be7 7. Nf3 Nd7 8. Bd3 a5 9. b5 Qc7 10. Qe2 Nc5 11. O-O b6 12. Nbd2 Bb7 13. c4 Nxd3 14. Qxd3 dxc4 15. Qxc4 Bc5 16. Bb2 Bd5 17. Qe2 Qb7 18. Nc4 Rd8 19. Rac1 Ne7 20. Nxa5 Qa8 21. Nc4 Ng6 22. Ne1 h5 23. Ne3 Nf4 24. Qc2 Be4 25. Qc4 Rh6 26. Rc3 Rd4 27. Qb3 Ne2+ 28. Kh1 Nxc3 29. Qxc3 Ra4 30. f3 Bd5 31. N1c2 h4 32. h3 Rg6 33. Ng4 Raxg4 34. hxg4 Rxg4 35. Ne1 h3 36. gxh3 Qd8 37. hxg4 Qh4+ 38. Kg2 Qxg4+ 39. Kh2 Qh5+ 40. Kg2 Qg6+ 41. Kh2 f5 42. Qc2 Qh5+ 43. Kg2 f4 44. Bc1 Qg4+ 45. Kh2 Qg3+ 46. Kh1 Qh3+ 0-1